Most Major Tournament Appearances For England Football Team - Statistics

General Stats
  • This quiz has been taken 26 times
  • The average score is 9 of 15
Answer Stats
Apps Answer % Correct
21 Steven Gerrard
83%
21 Wayne Rooney
83%
14 Frank Lampard
79%
16 Bobby Charlton
75%
20 David Beckham
71%
18 Gary Lineker
63%
16 Bobby Moore
58%
16 David Seaman
58%
16 John Terry
58%
16 Paul Scholes
58%
20 Peter Shilton
58%
22 Ashley Cole
54%
19 Michael Owen
54%
18 Sol Campbell
38%
14 Terry Butcher
21%
No matching quizzes found
Score Distribution
Percent of People with Each Score
Percentile by Number Answered
Your Score History
You have not taken this quiz